| 000 | 00869nam a2200217 a 4500 | ||
|---|---|---|---|
| 001 | BRCA_1370 | ||
| 005 | 20190320203410.0 | ||
| 008 | 900313s1987 mx-a---##b---f000-0#spa-# | ||
| 020 | _a9688380288 | ||
| 040 |
_aDLC _cDLC _dDLC |
||
| 050 | 4 |
_aNA5257 _b.S26 1987 |
|
| 245 | 1 | 0 |
_aSan Juan Bautista Cuauhtinchan _brestauración 1987. |
| 260 |
_aMéxico _bSecretaría de Desarrollo Urbano y Ecología _c1987 |
||
| 300 |
_a140 p. _bil. (algunas a color) _c30 cm. |
||
| 504 | _aIncluye referencias bibliográficas | ||
| 610 | 2 | 4 |
_aConvento de San Juan Bautista (Cuautinchan, México) _94481 |
| 650 | 1 | 4 |
_aArquitectura religiosa _xConservación y restauración _zMéxico _94482 |
| 650 | 1 | 4 |
_aArte y simbolismo cristiano _xConservación y restauración _yPeriodo moderno, 1500- _zMéxico _94483 |
| 651 | 4 |
_aCuautinchan (México) _xEdificios, estructuras, etc. _94484 |
|
| 942 |
_2lcc _cB |
||
| 999 |
_c1232 _d1232 |
||